|
|
|
|
| LEADER |
01774cam a2200505 i 4500 |
| 001 |
nkc20193162929 |
| 003 |
CZ PrNK |
| 005 |
20210222122751.0 |
| 007 |
ta |
| 008 |
191107s2019 xr c e 000 0ccze d |
| 015 |
|
|
|a cnb003162929
|
| 020 |
|
|
|a 978-80-907059-5-1
|q (brožováno)
|
| 035 |
|
|
|a (OCoLC)1204253145
|
| 040 |
|
|
|a OSA001
|b cze
|d OLA001
|e rda
|
| 043 |
|
|
|a e-xr---
|
| 045 |
|
|
|a x-y-
|
| 072 |
|
7 |
|a 796
|x Sport. Hry. Tělesná cvičení
|2 Konspekt
|9 20
|
| 072 |
|
7 |
|a 929
|x Biografie
|2 Konspekt
|9 8
|
| 080 |
|
|
|a 796.966.071.2
|2 MRF
|
| 080 |
|
|
|a 796.966
|2 MRF
|
| 080 |
|
|
|a 929
|2 MRF
|
| 080 |
|
|
|a (437.3)
|2 MRF
|
| 080 |
|
|
|a (048.8)
|2 MRF
|
| 080 |
|
|
|a (0:82-94)
|2 MRF
|
| 100 |
1 |
|
|a Suchan, František
|7 xx0218358
|4 aut
|
| 245 |
1 |
0 |
|a Nezdolní :
|b 20 nejčastěji reprezentujících českých hokejistů očima jejich spoluhráčů /
|c František Suchan
|
| 264 |
|
1 |
|a [Plzeň] :
|b eSports.cz, s.r.o.,
|c 2019
|
| 300 |
|
|
|a 175 stran :
|b portréty ;
|c 21 cm
|
| 336 |
|
|
|a text
|b txt
|2 rdacontent
|
| 337 |
|
|
|a bez média
|b n
|2 rdamedia
|
| 338 |
|
|
|a svazek
|b nc
|2 rdacarrier
|
| 648 |
|
7 |
|a 20.-21. století
|7 ch462155
|2 czenas
|
| 650 |
0 |
7 |
|a hokejisté
|7 ph114685
|z Česko
|y 20.-21. století
|2 czenas
|
| 650 |
0 |
7 |
|a lední hokej
|7 ph115102
|z Česko
|y 20.-21. století
|2 czenas
|
| 650 |
0 |
9 |
|a hockey players
|z Czechia
|y 20th-21st centuries
|2 eczenas
|
| 650 |
0 |
9 |
|a ice hockey
|z Czechia
|y 20th-21st centuries
|2 eczenas
|
| 655 |
|
7 |
|a přehledy
|7 fd133202
|2 czenas
|
| 655 |
|
7 |
|a vzpomínky
|7 fd133830
|2 czenas
|
| 655 |
|
9 |
|a surveys
|2 eczenas
|
| 655 |
|
9 |
|a reminiscences
|2 eczenas
|
| 910 |
2 |
|
|a BOA001
|b 2-1463.031
|
| 920 |
|
|
|a 000779281
|z OSA001
|
| 990 |
|
|
|a BK
|
| 995 |
|
|
|a 01
|
| 996 |
6 |
|
|b 2610858839
|c 2-1463.031
|l MZK
|r Sklad / do 1 hodiny
|n 2
|p p.v.
|w 001845690
|u 000010
|a 1
|e BOA001
|j MZK50
|s P
|